000 00606nam a22002052 4500
001 0000012012
005 20151217145853.0
008 090125s xx 000 0 eng d
020 _a0826484786 :
040 _aKABU
_cKABU
100 1 _aBowkett, Stephen.
_@0000168176
245 1 0 _a100 ideas for teaching creativity /
_cStephen Bowkett.
250 _a1st ed.
260 _aLondon :
_bContinuum,
_c2005.
300 _axi, 116 p.
650 0 _aCreative thinking
_xStudy and teaching.
_@0000168177
852 1 _9p1499 KES
908 _a090125
950 _@1
999 _c3527
_d3527